• 首页
  • 本馆介绍
  • 公告通知
  • 最新文献
  • 馆藏检索
  • 电子资源
  • 读者导购
  • 参考咨询
  • 我的图书馆
  • 登录
  • 详细信息显示
  • 放入我的书架
  • 预约/预借图书
  • 作者相关作品
  • 分类相关作品
  • 丛书相关作品
  • 出版社相关作品

书目信息

  • 表格格式
  • 工作单格式
  • 卡片格式
题名:
人口统计学
    
 
作者: 刘铮 编
分册:  
出版信息: 北京   中国人民大学出版社  1981
页数: 406页
开本: 20cm
丛书名:
单 册:
中图分类: C921
科图分类:
主题词: 人口统计学
电子资源:
ISBN:
000 00558nam0 2200217 45
001 0181010302
005 20060817085718.60
010    @dCNY1.45
091    @a3011.187
100    @a19960109d1981 em y0chiy0121 ea
101 0  @achi
102    @aCN@b110000
105    @ay z 000yy
200 10 @a人口统计学@Aren kou tong ji xue@f刘铮等编@FLiu Zheng Deng Bian
210    @a北京@c中国人民大学出版社@d1981
215    @a406页@d20cm
606    @a人口统计学
690    @aC921@v3 
701  0 @a刘铮@4编
801  0 @aCN@bNLC@c20060817
905    @dC921@e3@f1@b45750
    
    人口统计学/刘铮等编.-北京:中国人民大学出版社,1981
    406页;20cm
    
    
    ISBN :CNY1.45
    
●
相关链接 在E读中查询图书 在五车中查询图书 在当当中查询图书 在豆瓣中查询图书


正题名:人口统计学     索取号:C921/3         预约/预借

序号 登录号 条形码 馆藏地/架位号 状态 备注
1 0045749   001853462   密集书库/ [索取号:C921/3] 在馆    
2 0045750   001030547   第一样本阅览室/ [索取号:C921/3] 在馆    
3 0426433   204264330   密集书库/ [索取号:C921/3] 在馆    
4 0465218   204652189   密集书库/ [索取号:C921/3] 在馆    
唐山师范学院图书馆 欢迎您!
大连网信软件有限公司© 版权所有